000 00661nam a2200205Ia 4500
001 14829
003 GE_BSU
008 181216s||||||||xx |||||||||||||| ||und||
040 _cGE_BSU
080 _a517.91(075.8)
100 _aАрнольд, В.И.
245 _aОбыкновенные дифференциальные уравнения.
245 _bУчевное пособие для студ. механ.-мат.спец. Вузов.
260 _aМосква
260 _bНаука.
260 _c1971.
300 _a239стр.22см.
653 _aОбыкновенные дифференциальные уравнения.
942 _cBK
999 _c47952
_d47952